• 首页
  • 本馆介绍
  • 公告通知
  • 最新文献
  • 馆藏检索
  • 电子资源
  • 读者导购
  • 参考咨询
  • 我的图书馆
  • 登录
  • 详细信息显示
  • 放入我的书架
  • 预约/预借图书
  • 作者相关作品
  • 分类相关作品
  • 丛书相关作品
  • 出版社相关作品

书目信息

  • 表格格式
  • 工作单格式
  • 卡片格式
题名:
当代有机反应和合成操作
    
 
作者: 梯泽 著 ;罗千福 , 许胜 译
分册:  
出版信息: 上海   华东理工大学出版社有限公司  2017.11
页数: 653页
开本: 24cm
丛书名: 经典化学高等教育译丛
单 册:
中图分类: O621.25
科图分类:
主题词: 有机化合物--化学反应 , 有机合成
电子资源:
ISBN: 978-7-5628-5204-9
000 01255oam2 2200313 450
001 1334
005 20180929083007.75
010    @a978-7-5628-5204-9@b精装@dCNY198.00
100    @a20180612d2017 em y0chiy50 ea
101 1  @achi@cger
102    @aCN@b310000
105    @aa z 001yy
200 1  @a当代有机反应和合成操作@9dang dai you ji fan ying he he cheng cao zuo@f(德)Lutz F.Tietze[等]著@g罗千福,许胜译
205    @a2版
210    @a上海@c华东理工大学出版社有限公司@d2017.11
215    @a653页@c照片@d24cm
225 1  @a经典化学高等教育译丛
300    @a“十三五”国家重点图书
330    @a本书涵盖了大量现代有机合成必不可少的各类反应的具体制备步骤和化合物。自始至终,实验都包含了理论和机械基础,同时,章节中介绍了简洁的背景信息、逆合成分析、分离及提纯信息、数据分析和最近的引用文献,并且每个合成实例都标明了在三级困难层次中的级别。
461  0 @12001 @a经典化学高等教育译丛
510 1  @aReactions and syntheses in the organic chemistry laboratory@zeng
606 0  @a有机化合物@x化学反应
606 0  @a有机合成
690    @aO621.25@v5
701  0 @c(德)@a梯泽@9ti ze@c(Tietze, Lutz F.)@4著
702  0 @a罗千福@9luo qian fu@4译
702  0 @a许胜@9xu sheng@4译
801  0 @aCN@b91MARC@c20180612
905    @aMuseLib@dO621.25@e105=2
    
    当代有机反应和合成操作/(德)Lutz F.Tietze[等]著/罗千福,许胜译.-2版.-上海:华东理工大学出版社有限公司,2017.11
    653页:照片;24cm.-(经典化学高等教育译丛)
    “十三五”国家重点图书
    
    ISBN 978-7-5628-5204-9(精装):CNY198.00
    本书涵盖了大量现代有机合成必不可少的各类反应的具体制备步骤和化合物。自始至终,实验都包含了理论和机械基础,同时,章节中介绍了简洁的背景信息、逆合成分析、分离及提纯信息、数据分析和最近的引用文献,并且每个合成实例都标明了在三级困难层次中的级别。
●
相关链接 在E读中查询图书 在五车中查询图书 在当当中查询图书 在豆瓣中查询图书


正题名:当代有机反应和合成操作     索取号:O621.25/105=2         预约/预借

序号 登录号 条形码 馆藏地/架位号 状态 备注
1 1122143   211221435   第二样本阅览室/ [索取号:O621.25/105=2] 在馆    
2 1122144   211221444   化学系资料室/ [索取号:O621.25/105=2] 在馆    
唐山师范学院图书馆 欢迎您!
大连网信软件有限公司© 版权所有